000 00597nmm a2200193Ia 4500
008 251105s9999||||xx |||||||||||||||||und||
020 _a8479087609
041 _aspa
100 _aRaventos Bonhevi, J.
245 0 _aDinámica y manejo de poblaciones. Modelos unidimensionales
264 _a[Madrid, España] :
_bPublicaciones de la Universidad de Alicante,
_c2004
300 _a286 páginas
490 _aEcología
650 _aGeography (General)
700 _aRaventos Bonhevi, J.
700 1 _a Acevedo, M. F.
856 _uhttps://public.digitaliapublishing.com/a/617
942 _cCF
999 _c70376
_d70376